000 00482nmm a2200169Ia 4500
008 251105s9999||||xx |||||||||||||||||und||
020 _a9788499402642
041 _aspa
100 _aGinger, Andrew
245 0 _aLiberalismo y Romanticismo
264 _a[Madrid, España] :
_bBiblioteca Nueva,
_c2012
300 _a350 páginas
490 _aHistoria Biblioteca Nueva
650 _aSpanish literature
856 _uhttps://public.digitaliapublishing.com/a/17015
942 _cCF
999 _c92660
_d92660